Statistics for Random Quiz - Emergency Vehicles (1)

Click here to take the quiz!

General Stats

  • This quiz has been taken 53 times
  • The average score is 6 of 8

Answer Stats

Answer% Correct
Police Car
100%
Ambulance
97%
Fire Engine
68%
Fire Helicopter
66%
Police Helicopter
66%
Police Van
58%
Fire Car
53%
Air Ambulance
42%

Score Distribution

Percentile by Number Answered

Percent of People with Each Score

Your Score History

You have not taken this quiz